Iónové kvapaliny a možnosti ich využitia

Bibliographic Details
Main Author: Toma, Štefan, 1937- (Author)
Format: Article
Language:Slovak
ISSN:1336-7242
Subjects:

MARC

LEADER 00000nab a2200000 ar4500
001 vtls008962656
003 SK-MaSNL
005 20260303070728.0
008 070410c2006 xo |||||||||||000 b|slo
015 |a SNBRB2007/04  |2 snkbucl 
038 |a SNKBUCL 
040 |a SNKBUCL  |b slo  |c SNKBUCL  |e AACR2 
041 0 |a slo 
044 |a xo  |c SK 
080 |a 547.1-38-128  |2 1997 
080 |a 54-128  |2 1997 
100 1 |a Toma, Štefan,  |d 1937-  |4 aut  |9 200424 
245 1 0 |a Iónové kvapaliny a možnosti ich využitia  |c Š. Toma 
650 0 7 |a iónové kvapaliny  |2 snkbucl  |9 100373 
650 0 7 |a organické soli  |2 snkbucl  |9 1068541 
773 0 |t ChemZi  |g Roč. 2, č. 1 (2006), s. 20  |x 1336-7242 
852 |a SNK  |b KIS3GCP 
999 |c 1756678  |d 1758608